|
|
|
|
| LEADER |
01207nam a2200373 4500 |
| 001 |
DLU090096795 |
| 005 |
##20091201 |
| 040 |
# |
# |
|a DLU
|b eng
|
| 041 |
# |
# |
|a eng
|
| 044 |
# |
# |
|a us
|
| 245 |
# |
# |
|a Flavor release measurement by atmospheric pressure chemical ionization ion trap mass spectrometry, construction of interface and mathematical modeling of release profiles /
|c Anne-Mette Haahr ... [et al.].
|
| 653 |
# |
# |
|a Atmospheric pressure
|
| 653 |
# |
# |
|a Chemical ionization
|
| 653 |
# |
# |
|a Gas chromatography
|
| 653 |
# |
# |
|a Ion trap
|
| 653 |
# |
# |
|a Mass spectrometry
|
| 653 |
# |
# |
|a Repeatability
|
| 653 |
# |
# |
|a Volatile compounds
|
| 700 |
# |
# |
|a Bredie, Wender L. P.
|
| 700 |
# |
# |
|a Haahr, Anne-Mette.
|
| 700 |
# |
# |
|a Madsen, Henrik.
|
| 700 |
# |
# |
|a Refsgaard, Hanne H. F.
|
| 700 |
# |
# |
|a Smedsgaard, Jorn.
|
| 700 |
# |
# |
|a Stahnke, Louise H.
|
| 773 |
# |
# |
|t Analytical Chemistry
|g Vol. 75, no. 3 (February 2003), p. 655-662
|
| 920 |
# |
# |
|a Phòng Tạp chí -- Trung tâm Thông tin - Thư viện Trường Đại học Đà Lạt
|
| 994 |
# |
# |
|a DLU
|
| 900 |
# |
# |
|a True
|
| 911 |
# |
# |
|a Trương Bảo Trâm Anh
|
| 925 |
# |
# |
|a G
|
| 926 |
# |
# |
|a A
|
| 927 |
# |
# |
|a BB
|
| 980 |
# |
# |
|a Thư viện Trường Đại học Đà Lạt
|